Plantilla Real Madrid 2025/26 - Estadísticas

Estadísticas generales
  • Esta prueba ha sido intentada 1.344 veces
    165 desde el último reinicio
  • La puntuación promedio es 22 de 24
Estadísticas de respuestas
Imagen Respuesta % Correcto
Dani Carvajal
98%
Éder Militão
98%
Andriy Lunin
97%
Thibaut Courtois
96%
David Alaba
95%
Kylian Mbappé
95%
Raúl Asencio
95%
Vinícius Júnior
95%
Álvaro Carreras
94%
Antonio Rüdiger
94%
Eduardo Camavinga
93%
Fede Valverde
93%
Arda Güler
92%
Jude Bellingham
92%
Rodrygo Goes
92%
Franco Mastantuono
91%
Dani Ceballos
90%
Dean Huijsen
90%
Ferland Mendy
90%
Brahim Díaz
89%
Fran García
89%
Trent Alexander-Arnold
89%
Aurélien Tchouaméni
84%
Gonzalo García
84%
No se encontraron pruebas coincidentes
Distribución de puntuación
Porcentaje de gente con cada puntuación
Porcentaje por número respondido
Historial de tus puntuaciones
No has intentado esta prueba desde el último reinicio